000 nam a22 a 4500
999 _c4368
_d4368
003 AKMAL
005 20170530091430.0
008 170529s2010 my | e l 000 0 may d
020 _a9789678920131 (pbk.)
040 _aAKMAL
082 0 4 _a345.59505 MAL
_222
090 0 0 _a345.59505
_bMAL
110 1 _aMalaysia
_9400
240 1 0 _aKanun Prosedur Jenayah.
_lEnglish
245 1 0 _aCriminal Procedure Code (Act 593) :
_b( as at 2010) /
_ccompiled by Legal Research Board
260 _aPetaling Jaya :
_bInternational Law Book Services,
_c2010
300 _a304p. ;
_c24cm.
490 1 _aLaws of Malaysia
650 1 0 _aCriminal procedure
_zMalaysia
_93883
830 0 _aLaws of Malaysia
_91830
942 _2ddc
_cBOOK